Prof. G Ram Reddy Library

Roll Form Tool Design fundamentals (Record no. 78166)

MARC details
000 -LEADER
fixed length control field 00550nam a2200193Ia 4500
003 - CONTROL NUMBER IDENTIFIER
control field LDD
008 - FIXED-LENGTH DATA ELEMENTS--GENERAL INFORMATION
fixed length control field 181029s9999 xx 000 0 und d
020 ## - INTERNATIONAL STANDARD BOOK NUMBER
International Standard Book Number 831132906
Terms of availability
-- 7.50
040 ## - CATALOGING SOURCE
Transcribing agency LDD
100 ## - MAIN ENTRY--PERSONAL NAME
Personal name Alvarez, William
245 #0 - TITLE STATEMENT
Title Roll Form Tool Design fundamentals
Statement of responsibility, etc. William Alvarez
260 ## - PUBLICATION, DISTRIBUTION, ETC.
Place of publication, distribution, etc. New York
Name of publisher, distributor, etc. Industrial Press
Date of publication, distribution, etc. 2006
300 ## - PHYSICAL DESCRIPTION
Extent 117p.
365 ## - TRADE PRICE
Price amount
Source of price type code 7.50
901 ## - LOCAL DATA ELEMENT A, LDA (RLIN)
a 3716
b 19-01-2007
902 ## - LOCAL DATA ELEMENT B, LDB (RLIN)
a ANE/D/710
b 19-01-2007
c F
d ANE
e 62
903 ## - LOCAL DATA ELEMENT C, LDC (RLIN)
a Discount-10
b Reqst by : P. Srinivasan Kumar
942 ## - ADDED ENTRY ELEMENTS (KOHA)
Source of classification or shelving scheme Dewey Decimal Classification
Koha item type Books
Holdings
Withdrawn status Lost status Source of classification or shelving scheme Damaged status Not for loan Home library Current library Total Checkouts Full call number Barcode Date last seen Cost, replacement price Price effective from Koha item type
No   Dewey Decimal Classification     Library and Documentation Division Library and Documentation Division   671.32 Al86R 061496 11/01/2018 1220.45 11/01/2018 Books

© Prof. G Ram Reddy Centre Library, Indira Gandhi National Open University, Maidan Garhi, New Delhi, 110068
+91-011-29532797 | FAX+91-011-29533393 |